000 00576nam a2200229Ia 4500
003 OSt
005 20221005123204.0
006 a|||||r|||| 00| 0
007 ta
008 221004b |||||||| |||| 00| 0 tam d
024 _a7872
037 _cTextual
040 _aCRL
_cCRL
_btam
041 _2tam
_atam
082 _aO31,1M91,1:g, N6
100 _aSarala Rajagopalan
_9206283
245 0 _aKudumpa Vilakka
260 _c1996
650 _aURDU LITERATURE
942 _hO31,1M91,1:g, N6
_cTEXL
_2cc
999 _c1046667
_d1046667